|
|
|
|
| LEADER |
00699nam a22001811a 4500 |
| 082 |
|
|
|a S103 2
|b RAS/S
|
| 100 |
|
|
|a Rasik Vihari Joshi
|9 113470
|
| 245 |
|
|
|a The sri-ramapratapa-carita -mahakavyam (v.2)/
|c by Rasik Vihari Joshi.
|
| 260 |
|
|
|a Jaipur:
|b Pandit Rampratap Shastri Charitable Trust,
|c 1998.
|
| 300 |
|
|
|a 435-1245p.
|
| 500 |
|
|
|a Rasik Vihari Joshi
|
| 650 |
|
|
|a Poetry Epic Sanskrit
|9 113471
|
| 650 |
|
|
|a Epic Poetry Sanskrit
|9 113472
|
| 650 |
|
|
|a Literature Sanskrit
|9 113473
|
| 650 |
|
|
|a Literature
|9 113474
|
| 942 |
|
|
|c BK
|
| 999 |
|
|
|c 43966
|d 43966
|
| 952 |
|
|
|0 0
|1 0
|4 0
|6 R_S103_2_000000000000000_RAS_S
|7 0
|9 63659
|a SSUS
|b SSUS
|d 2015-01-08
|g 1500.00
|o R S103 2 RAS/S
|p 012739
|r 2015-01-08
|v 0.00
|w 2015-01-08
|y REF
|